Alle Länder der Sowjetunion - Statistiken

Allgemein
  • Dieses Quiz wurde 83 mal gespielt
  • Das Durchschnittsergebnis liegt bei 13 aus 15
Antwortstatistiken
Antwort % Korrekt
Ukraine
100%
Russland
99%
Kasachstan
93%
Belarus
92%
Estland
91%
Lettland
91%
Litauen
91%
Georgien
88%
Armenien
87%
Aserbaidschan
87%
Usbekistan
87%
Turkmenistan
85%
Tadschikistan
83%
Kirgistan
76%
Moldau
75%
Keine übereinstimmenden Quizze gefunden
Verteilung der Resultate
Anzahl Personen mit jedem Resultat
Perzentil nach korrekt beantworteten Fragen
Ihre Resultats-Entwicklung
Sie haben dieses Quiz noch nicht gespielt